000 00801nam a2200253 a 4500
001 BRCA_3730
005 20190320204412.0
008 140909s1994----ja-a---###---#000-0#jpn-#
020 _a4096010162 (vol. 16)
041 _ajpn
044 _aja
050 4 _aNX70
_b.N49 1994
245 1 0 _aNew History of World Art
_bbarroco 1
_ceditores Kanki Keizo y Wakakuwa Midori.
260 _aTokio, Japón
_bShogakukan
_c1994
300 _a490 p.
_bil. (algunas a color)
_c37 cm.
_e1 folleto
500 _aIncluye índice temático: p. 483-489
500 _aIncluye piezas de la colección Franz Mayer: p. 359
504 _aBibliografía: 478-482
546 _aTexto en: japonés
650 1 4 _aArte
_xHistoria
_99705
700 1 _aKeizo, Kanki
_99706
700 1 _aMidori, Wakakuwa
_99707
942 _2lcc
_cB
999 _c3459
_d3459